An Giang "trên cơm dưới cá"

Na minha lista:
Detalhes bibliográficos
Autor principal: Nguyễn Hữu Hiệp
Formato: Livro
Idioma:Vietnamese
Publicado em: H. Lao động 2011
Assuntos:
Tags: Adicionar Tag
Sem tags, seja o primeiro a adicionar uma tag!
Thư viện lưu trữ: Mạng thư viện Đại học Đà Nẵng
LEADER 00942aam a22003378a 4500
001 000016230
003 12628
005 20120727090752.0
008 120727s2011 viesd
020 |d 2000b 
041 0 |a vie 
082 1 4 |2 14  |a 398.0959791  |b NG-H 
100 0 |a Nguyễn Hữu Hiệp 
245 0 0 |a An Giang "trên cơm dưới cá"  |c Nguyễn Hữu Hiệp 
260 |a H.  |b Lao động  |c 2011 
300 |a 213 tr  |c 21cm 
500 |a ĐTTS ghi: Hội Văn nghệ dân gian Việt Nam 
546 |a Chính văn bằng 2 thứ tiếng: Việt - Ba Na 
650 7 |2 Bộ TK TVQG 
650 7 |2 Bộ TK TVQG 
651 7 |2 Bộ TK TVQG  |a Việt Nam 
653 |a An Giang 
655 7 |2 Bộ TK TVQG  |a Sử thi 
OWN |a LSP 
999 |a From the UDN01 
TYP |a Monograph 
TYP |a Printed language 
980 |a Mạng thư viện Đại học Đà Nẵng